000 01103nam a2200241 a 4500
003 AM-YeHGA
005 20250618072438.0
008 050408s1938 ai |||||r|||||||||0|arm|d
040 _aAM-YeHGA
041 1 _aarm
_hrus
100 1 _aՈւլյանովա, Ա.Ի.
245 1 0 _aԻլյիչի մանկական ու դպրոցական տարիները :
_bՊատմվածք /
_cԱ.Ի. Ուլյանովա ; Թարգմ.՝ Հ. Հարությունյան.
260 _aԵրևան :
_bՊետհրատ,
_c1938.
300 _a40 էջ :
_b1թ. դիմանկ. ;
_c26 սմ.
440 0 _aՆշանավոր բոլշևիկների կյանքը
440 0 _aԴպրոցական գրադարան
_95151
600 1 0 _aԼենին, Վլադիմիր Իլյիչ,
_d1870-1924
_95803
650 1 0 _aՌուս գրականություն
_xՊատմվածք
_94645
700 1 _aՀարությունյան, Հարություն Խաչատուրի,
_d1896-1974
_eթարգմ.
_4trl
_91171
856 4 _uhttp://greenstone.flib.sci.am/gsdl/collect/opac/books/ilich.pdf
_yԿարդալ առցանց
_3
942 _2udc
_cBK
090 _c161589
999 _c160185
_d160185